[Event "American Continental-ch 2018"]
[Site "Montevideo"]
[Date "2018.06.03"]
[Round "3"]
[White "Henriquez Villagra, Cristobal"]
[Black "Bick, Gabriel"]
[Result "1/2-1/2"]
[WhiteElo "2518"]
[BlackElo "2391"]
[Annotator "TA"]
[PlyCount "83"]
[EventDate "2018.??.??"]
[EventType "swiss"]
[EventCountry "URU"]
[SourceTitle "playchess.com"]
[Source "ChessBase"]
[SourceQuality "1"]

{[%evp 11,83,-4,2,0,0,0,0,0,0,0,0,0,0,-7,0,0,-7,-38,7,0,0,0,0,0,4,-81,0,0,0,0,0,0,0,0,0,0,28,0,0,0,0,0,214,0,0,0,0,-113,-102,-114,-84,-245,-241,-260,-232,-207,-72,-72,0,0,0,0,0,0,0,-47,0,0,0,0,0,0,0,0]} 1. d4 d5 2. c4 e6 3. Nf3 Nf6 4. e3 Be7 5. Nc3 O-O 6. a3 c5 7. dxc5 {D37: Queen's Gambit Declined: 5 Bf4} (7. cxd5 cxd4 8. exd4 exd5 9. Bd3 Nc6 10. h3 Be6 11. O-O Rc8 12. Re1 Re8 13. Bc2 g6 14. Bf4 Bf8 {1-0 (48) Andreikin,D (2696)-Magalashvili,D (2463) Baku 2011}) 7... dxc4 8. Qc2 Bxc5 9. Bxc4 a6 10. Bd3 Nbd7 11. b4 Be7 12. Bb2 b5 13. Ne4 $146 ({Predecessor:} 13. O-O Bb7 14. Rfd1 Qc7 {1-0 (44) Ahues,C-Maroczy,G San Remo 1930}) 13... Bb7 14. Nxf6+ Nxf6 15. Rd1 {aiming for Bxf6.} Qc8 16. Qb1 a5 17. Rc1 Qd7 18. Ke2 (18. O-O $11) 18... Rfc8 ({Black should play} 18... axb4 $17 19. Rhd1 Bd5 20. axb4 (20. Bxf6 Bxf6 21. Qxb4 Be7 $17) 20... Qb7) 19. Rxc8+ Qxc8 20. Bxf6 gxf6 21. Rc1 Qd7 22. Rd1 Qc7 23. Bxh7+ Kf8 24. Be4 (24. Rc1 $5 {[%cal Rc1c7]} Qb8 25. Be4 $16) 24... axb4 25. Bxb7 Qxb7 26. Qh7 {[%cal Rh7h8]} Bc5 $2 (26... Ke8 $1 $11 27. Qh8+ Bf8 28. axb4 (28. Qxf6 bxa3 29. Ng5 a2 $17) 28... Qe4) 27. axb4 $2 (27. Nh4 $1 $18 Ke8 28. Qg8+ Bf8 29. Ng6 $1 {[%mdl 512]} fxg6 30. Qxe6+ Qe7 31. Qc6+ Kf7 32. Qxa8) 27... Bxb4 $11 28. Qh4 Bc3 29. Qh6+ (29. e4 $1 $11) 29... Ke7 $17 {White must now prevent ...Qe4.} 30. Qf4 b4 31. Qc4 $2 (31. Qd6+ $17 Ke8 32. Qd3) 31... Rc8 $1 $19 {[%cal Rc8c4]} 32. Qd3 {[#]} b3 $1 33. Nd2 {[#]} Bxd2 ({Don't go for} 33... Qxg2 $2 34. Nf3 $18) (33... b2 $1 $19 {has better winning chances. ...Bxd2 is the strong threat.} 34. Ne4 Bb4) 34. Rxd2 {[%mdl 4096] Endgame KQR-KQR} b2 (34... Ke8 $17 {And now ...b2 would win.} 35. Rb2 Qxg2 36. Qxb3 Qxh2 37. Qa4+ Kf8) 35. Qa3+ $11 Ke8 36. Qxb2 Qxg2 37. Qd4 {Threatens to win with Qd7+.} Kf8 38. h4 Kg7 39. Qf4 $1 {The position is equal.} Rh8 40. Rd4 Qg6 {Strongly threatening ...e5.} 41. Qf3 f5 42. Qf4 {Precision: White = 51%, Black = 66%.} 1/2-1/2

[Event "American Continental-ch 2018"]
[Site "Montevideo"]
[Date "2018.06.03"]
[Round "3"]
[White "Morovic Fernandez, Ivan"]
[Black "Santarius, Erik"]
[Result "1-0"]
[WhiteElo "2513"]
[BlackElo "2387"]
[Annotator "TA"]
[PlyCount "41"]
[EventDate "2018.??.??"]
[EventType "swiss"]
[EventCountry "URU"]
[SourceTitle "playchess.com"]
[Source "ChessBase"]
[SourceQuality "1"]

{[%evp 17,41,10,85,6,72,107,89,77,350,355,325,310,1498,1479,1957,1855,1412,1357,29990,29991,29991,29992,29992,2112,29990,29991]} 1. d4 Nf6 2. c4 e6 3. Nc3 Bb4 4. Nf3 b6 5. Qb3 c5 6. Bg5 h6 7. Bh4 Nc6 8. d5 {E21: Nimzo-Indian: 4 Nf3} Na5 (8... Ne7 9. Bxf6 gxf6 10. O-O-O Bxc3 11. Qxc3 e5 12. d6 Ng6 13. e3 Bb7 14. h4 h5 15. Be2 Kf8 {1-0 (36) Ivanisevic,I (2650)-Parligras,M (2595) Kragujevac 2016}) 9. Qc2 Nxc4 {LiveBook: 9 Games} (9... exd5 $11 10. cxd5 O-O) 10. e4 (10. dxe6 $16 {aiming for e4.} d5 11. exf7+ Kxf7 12. e3) 10... Na5 (10... Nxb2 $1 $11 11. Qxb2 Nxe4) 11. O-O-O {Black must now prevent e5.} Bxc3 12. Qxc3 O-O $2 {[%mdl 8192]} (12... exd5 $16 13. Qe5+ Kf8) 13. e5 $1 $18 {[%cal Be4e5,Be5f6][%mdl 32]} Nxd5 $146 ({Predecessor:} 13... Ne4 14. Qe3 g5 15. Qxe4 exd5 16. Rxd5 {1-0 (16) Peng,Z (2370)-Janssen,R (2350) Wijk aan Zee 1997}) 14. Rxd5 g5 $2 (14... Qe8) 15. Nxg5 hxg5 {[#]} 16. Qg3 $1 {[%mdl 512]} f6 {[#]} 17. exf6 $1 {[%mdl 512]} exd5 (17... Qxf6 18. Rxg5+) 18. Qxg5+ Kf7 19. Qxd5+ Ke8 20. Bc4 (20. Qh5+ $142 Rf7 21. Bb5 Qc7 22. Qh8+ Rf8 {[#]} 23. f7+ $1 {[%mdl 512]} Kxf7 24. Qh7+ Ke6 25. Qe7+ Kf5 26. Bd3+ Kg4 27. Qg5#) 20... d6 21. Bb5+ {Precision: White = 66%, Black =  7%.} 1-0

[Event "American Continental-ch 2018"]
[Site "Montevideo"]
[Date "2018.06.03"]
[Round "3"]
[White "Hoffman, Alejandro"]
[Black "Cori, Jorge"]
[Result "1/2-1/2"]
[WhiteElo "2475"]
[BlackElo "2659"]
[Annotator "TA"]
[PlyCount "96"]
[EventDate "2018.??.??"]
[EventType "swiss"]
[EventCountry "URU"]
[SourceTitle "playchess.com"]
[Source "ChessBase"]
[SourceQuality "1"]

{[%evp 20,96,29,29,31,31,35,42,48,18,22,27,29,28,22,26,25,25,49,40,50,30,30,0,0,0,9,0,0,0,0,0,0,0,0,0,-5,-11,0,0,0,-15,-11,-25,0,-20,-12,-22,0,-14,0,-4,0,0,0,0,4,0,6,5,2,0,0,0,0,0,0,0,0,0,0,0,0,0,0,0,0,0,0]} 1. d4 Nf6 2. c4 e6 3. Nf3 Bb4+ 4. Bd2 Qe7 5. g3 Bxd2+ 6. Qxd2 d6 7. Bg2 O-O 8. O-O e5 9. Nc3 Re8 10. e4 Bg4 11. d5 {LiveBook: 57 Games} c6 {E11: Bogo-Indian} (11... Bxf3 12. Bxf3 a5 13. Rae1 Nbd7 14. Bd1 c6 15. Bc2 Nc5 16. b3 Qc7 17. a3 Rab8 18. Rb1 Na6 19. Rfd1 Red8 20. Bd3 g6 {½-½ (46) Esen,B (2562)-Moroni,L (2466) Doha 2015}) 12. Ne1 cxd5 13. cxd5 Na6 {White is slightly better.} 14. Nd3 Rec8 $146 ({Predecessor:} 14... Nc5 15. Nxc5 dxc5 16. Rfc1 Bd7 17. Rab1 b5 18. Nd1 Rec8 19. Rc2 {1-0 (36) Ilic,Z (2380)-Klauser,M (2315) Zuerich 1989}) 15. f3 Bd7 16. b4 Rc4 17. a3 Rac8 18. Rfc1 Ne8 19. Nb2 R4c7 $1 20. Bf1 f5 21. Ncd1 fxe4 22. fxe4 Qd8 23. Nf2 Rxc1 24. Rxc1 Nac7 25. Nbd1 Nb5 26. Rxc8 Qxc8 27. Bxb5 Bxb5 28. Qc3 Qd8 29. Qe3 a6 30. Nc3 Bd7 31. Kg2 Qc7 32. Qd3 {The position is equal.} Nf6 33. h3 h6 34. Kf3 Kf7 35. Ncd1 Bb5 (35... Qd8 {with more complications.} 36. Ne3 Kg8 37. Qc3 b6 38. Kg2 h5) 36. Qc3 Qxc3+ 37. Nxc3 $11 {[%mdl 4096] Endgame KBN-KNN} Bf1 38. Ncd1 g6 39. Ne3 Bb5 40. h4 h5 41. Nh3 Ke7 42. Ng5 Bd3 43. Nd1 Bc4 44. Nc3 Bb3 45. Ke3 Nd7 46. Nf3 Nb6 47. Nd2 Bc2 48. Kf3 Na4 {Precision: White = 54%, Black = 66%.} 1/2-1/2

[Event "American Continental-ch 2018"]
[Site "Montevideo"]
[Date "2018.06.03"]
[Round "3"]
[White "Panjwani, Raja"]
[Black "Cruz, Cristhian"]
[Result "1/2-1/2"]
[WhiteElo "2456"]
[BlackElo "2576"]
[Annotator "TA"]
[PlyCount "75"]
[EventDate "2018.??.??"]
[EventType "swiss"]
[EventCountry "URU"]
[SourceTitle "playchess.com"]
[Source "ChessBase"]
[SourceQuality "1"]

{[%evp 25,75,0,0,-9,-4,-16,-3,-25,-19,-20,-16,-29,-10,-16,-12,-16,-20,-18,-16,-14,-17,-34,-37,-49,-7,-8,0,0,0,0,0,0,0,0,0,0,0,0,32,-25,0,0,0,0,0,0,0,0,0,0,0,0]} 1. d4 d5 2. Nf3 Nf6 3. c4 e6 4. Nc3 Be7 5. Bg5 h6 6. Bh4 O-O 7. e3 b6 8. Rc1 Bb7 9. cxd5 Nxd5 10. Bxe7 Qxe7 11. Nxd5 Bxd5 12. Bc4 Bb7 {D59: Queen's Gambit Declined: Tartakower Defence: Main line (8 cxd5 Nxd5)} 13. O-O Rc8 {LiveBook: 8 Games} 14. e4 $146 ({Predecessor:} 14. Qe2 c5 15. Rfd1 cxd4 16. Nxd4 Nc6 17. Nxc6 Rxc6 18. Ba6 Rxc1 19. Rxc1 Rd8 20. Bxb7 Qxb7 {½-½ (30) Zude,A (2465)-Meier,G (2608) Saarbruecken 2009}) 14... Nd7 15. Re1 Nf6 16. e5 Nh7 17. Bd3 c5 18. Be4 Rd8 19. Qc2 Bxe4 20. Qxe4 Rac8 21. dxc5 Rxc5 22. h4 Nf8 23. Kh2 f5 24. Qe3 Rdd5 25. Red1 Ng6 {[%cal Rg6e5]} 26. Rxd5 Rxd5 27. Rc4 Qd7 28. Qc3 Kh7 29. Rc7 Qd8 30. Rc8 Qd7 31. Rc7 Qa4 32. Rc4 ({White should try} 32. b4 $14) 32... Qa5 33. b4 {The position is equal.} Qxa2 {[#] ...b5 is the strong threat.} 34. h5 Nxe5 35. Nxe5 Rxe5 36. Qg3 {Intending Qg6+ and mate.} Qxc4 37. Qg6+ Kg8 {[#] ( -> ...Qh4+)} 38. Qe8+ {Precision: White = 63%, Black = 57%.} 1/2-1/2

[Event "American Continental-ch 2018"]
[Site "Montevideo"]
[Date "2018.06.03"]
[Round "3"]
[White "Vazquez, Guillermo"]
[Black "Pichot, Alan"]
[Result "1/2-1/2"]
[WhiteElo "2436"]
[BlackElo "2564"]
[Annotator "TA"]
[PlyCount "118"]
[EventDate "2018.??.??"]
[EventType "swiss"]
[EventCountry "URU"]
[SourceTitle "playchess.com"]
[Source "ChessBase"]
[SourceQuality "1"]

{[%evp 16,118,40,35,42,14,48,17,15,-23,-28,-41,-48,-47,-51,-61,-50,-64,-76,-65,-34,-38,-36,-62,-51,-127,0,0,0,0,0,0,0,20,77,72,151,133,179,91,99,100,58,54,188,203,189,189,189,189,194,202,183,127,127,122,148,139,131,105,206,214,182,0,0,0,0,0,0,0,0,0,0,0,0,0,0,0,0,0,0,0,0,0,0,0,0,0,0,0,0,0,0,0,0,0,0,0,0,0,0,0,0,0,0]} 1. d4 Nf6 2. c4 g6 3. Nf3 Bg7 4. g3 O-O 5. Bg2 d6 6. O-O Nc6 7. Nc3 e5 8. d5 Nb8 9. e4 a5 {E62: King's Indian: Fianchetto: 6...c6 and Panno Variation (6...Nc6) without ...a6} 10. Ne1 Na6 11. Nd3 (11. f4 exf4 12. gxf4 Re8 13. Nd3 Ng4 14. h3 Bd4+ 15. Kh1 {½-½ (25) Inarkiev,E (2727)-Sutovsky,E (2650) Poikovsky 2017}) 11... Nd7 12. f4 exf4 13. gxf4 f5 14. exf5 $1 Rxf5 15. Be3 $146 ({Predecessor:} 15. Ne4 Nb6 16. Ng3 Rf8 {1-0 (33) Jirka,J (2412)-Shevchenko,K (2265) Prague 2015}) 15... Ndc5 16. Nf2 Qh4 17. Qd2 Rh5 {[%csl Gh5][%cal Rh4h2]} 18. h3 $1 Bd7 19. Ne2 Re8 20. Nd4 (20. Rae1 $15) 20... Qf6 (20... Qg3 $17 21. Ne6 Bxe6 22. dxe6 Rf5) 21. Rad1 $1 $11 b6 22. Rfe1 Qf7 23. b3 Nb4 24. Re2 Rh4 (24... Nba6 $11 {keeps the balance.}) 25. Nf3 $1 $16 {[%cal Rf3h4,Bd4f3,Bf3g5,Bg5e6][%mdl 32]} Rh5 (25... Rxf4 $142 26. Ng5 (26. Bxf4 Rxe2 27. Qxe2 Qxf4 $11) 26... Qf6 27. Bxf4 Rxe2 28. Qxe2 Qxf4) 26. Rde1 Rf5 27. Bxc5 (27. Ng5 $18 Qf6 28. Ng4) 27... Rxe2 28. Rxe2 bxc5 29. a3 {aiming for Ng5.} Rxf4 (29... Na6 $1 $14) 30. Ng5 $1 $18 {[%cal Rg5f7]} (30. axb4 $6 Rxf3 31. Bxf3 Qxf3 $16) 30... Qf6 31. Ne6 $1 $36 {[%mdl 2048] White is on the roll.} Qa1+ 32. Re1 Qc3 33. Qxc3 Bxc3 {[#]} 34. Nxf4 ({And not} 34. axb4 Bxe6 35. Re4 (35. Rxe6 Bd4 $11) 35... Rxe4 $11) ({White should play} 34. Re2 $1 $18 Rxf2 35. Rxf2 Bxe6 36. dxe6) 34... Bxe1 $16 35. axb4 cxb4 36. Ne4 Bh4 37. Ne6 a4 (37... Bxe6 $16 {is a better defense.} 38. dxe6 Kf8) 38. bxa4 $18 b3 {[#]} 39. a5 $2 ({Weaker is} 39. Nxc7 b2 $11) ({White should try} 39. Bf1 $1 $18) 39... b2 $11 {The position is equal.} 40. Nc3 Be1 41. Nb1 $1 {Strongly threatening a6.} Bxa5 42. Kf2 Kf7 43. Ke3 Bxe6 44. dxe6+ Kxe6 45. Kd3 Ke5 46. Kc2 Kf4 47. Bd5 g5 48. Kxb2 h5 49. Kb3 g4 50. hxg4 hxg4 51. Ka4 Be1 52. Na3 Bf2 53. Kb5 Ke3 54. Kc6 Kd3 55. Kxc7 {And now Nb5 would win.} Bc5 56. Nb5 g3 57. Nxd6 Bxd6+ 58. Kxd6 g2 59. Bxg2 {c5 would kill now.} Kxc4 {Precision: White = 64%, Black = 59%.} 1/2-1/2

[Event "American Continental-ch 2018"]
[Site "Montevideo"]
[Date "2018.06.03"]
[Round "3"]
[White "Fernandez Cardoso, Alexey"]
[Black "Perez Ponsa, Federico"]
[Result "1/2-1/2"]
[WhiteElo "2429"]
[BlackElo "2556"]
[Annotator "TA"]
[PlyCount "36"]
[EventDate "2018.??.??"]
[EventType "swiss"]
[EventCountry "URU"]
[SourceTitle "playchess.com"]
[Source "ChessBase"]
[SourceQuality "1"]

{[%evp 19,36,18,18,0,11,-7,6,6,7,0,0,0,0,0,9,-20,0,-46,-33]} 1. e4 c6 2. d4 d5 3. e5 Bf5 4. Nf3 e6 5. Be2 Ne7 6. O-O Ng6 {B12: Caro-Kann: Advance Variation} (6... h6 7. Nbd2 Bh7 8. Nb3 Nd7 9. a4 g5 10. a5 a6 11. c3 Nf5 12. Bd3 g4 13. Ne1 h5 14. Nc2 c5 15. Nxc5 Nxc5 16. dxc5 Bxc5 {½-½ (33) Svidler,P (2768)-Adhiban,B (2655) Wijk aan Zee 2018}) 7. Be3 Nd7 8. Nbd2 f6 9. exf6 Qxf6 10. c4 Bd6 {LiveBook: 3 Games} 11. Bg5 $146 ({Predecessor:} 11. Qb3 Rb8 12. Ne5 Ngxe5 13. dxe5 Bxe5 14. Bxa7 {0-1 (40) Grinberg,E (2457)-Bluebaum,M (2632) Minsk 2017}) 11... Qf7 12. Nh4 h6 13. Nxg6 $1 Bxg6 14. Bh4 O-O 15. Bg3 Bxg3 16. hxg3 Qf6 17. Nb3 a5 {[%cal Ba7a5,Ba5a4][%mdl 32]} 18. Qd2 a4 1/2-1/2

[Event "American Continental-ch 2018"]
[Site "Montevideo"]
[Date "2018.06.03"]
[Round "3"]
[White "Quintiliano Pinto, Renato R"]
[Black "Mekhitarian, Krikor Sevag"]
[Result "1/2-1/2"]
[WhiteElo "2423"]
[BlackElo "2546"]
[Annotator "TA"]
[PlyCount "110"]
[EventDate "2018.??.??"]
[EventType "swiss"]
[EventCountry "URU"]
[SourceTitle "playchess.com"]
[Source "ChessBase"]
[SourceQuality "1"]

{[%evp 16,110,12,17,22,16,17,7,20,0,8,17,16,21,35,35,44,47,65,57,78,24,44,43,43,31,47,20,27,0,9,-8,-17,-11,-17,-15,-8,-12,24,25,21,-9,0,-65,-13,-24,-12,-10,-22,-76,-22,-75,-18,-104,-6,-5,0,-61,-53,-48,-49,-49,-49,-50,-50,-49,-50,-49,-50,-49,-49,-51,0,0,0,0,0,0,0,0,0,0,0,0,0,0,0,0,0,0,0,0,0,0,0,0,0]} 1. e4 e5 2. Nf3 Nc6 3. Bc4 Nf6 4. d3 Bc5 5. O-O O-O 6. h3 d6 7. c3 a5 {C54: Giuoco Piano: 4 c3 Nf6, main lines with 5 d4 and 5 d3} 8. Re1 Be6 (8... h6 9. Nbd2 a4 10. Bb5 Bd7 11. Nf1 Ne7 12. Bxd7 Nxd7 13. d4 Bb6 14. Ng3 {0-1 (29) Anand,V (2760)-Caruana,F (2822) Stavanger 2018}) 9. Bb5 {LiveBook: 3 Games} Ne7 10. d4 Ba7 $146 ({Predecessor:} 10... Bb6 11. Nbd2 Ng6 12. Nf1 exd4 13. Nxd4 c6 14. Ba4 {½-½ (79) Alekseev,E (2622)-Dai,C (2425) St Petersburg 2017}) 11. Qc2 Ng6 12. Be3 Nh5 13. Nbd2 Nhf4 14. Bf1 Qe7 15. Kh2 Bd7 16. a4 Kh8 17. g3 Ne6 18. dxe5 (18. Nc4 $16) 18... dxe5 19. Bxa7 Rxa7 20. h4 Qf6 21. Bg2 b6 22. Nc4 {With the idea h5.} Nc5 23. h5 Bg4 $1 24. hxg6 Bxf3 25. Bxf3 Qxf3 26. Kg1 fxg6 27. Nxe5 Qf6 28. Ng4 Qg5 29. Ne3 (29. Qe2 $11) 29... Raa8 (29... c6 $15) 30. Rad1 $11 Rae8 31. Nd5 Ne6 32. Re3 {[#]} (32. Rd3 $11 {keeps the balance.}) 32... h5 (32... c6 $1 $17 {[%cal Rc6d5]} 33. Nxb6 Nf4) 33. Qe2 {[#]} (33. Rf1 $11) 33... Rf7 (33... c6 $1 $17 {[%cal Rc6d5]} 34. Nxb6 Nf4) 34. Kf1 (34. Rd2 $11 {remains equal.}) 34... Ref8 (34... h4 $17 {White must now prevent ...hxg3.} 35. Ke1 Kg8) 35. f4 c6 36. Ke1 ({White should try} 36. Rf3 $11 Qh6 37. Nxb6) 36... Qh6 $1 $15 {Hoping for ...h4.} ({Much worse is} 36... Qd8 $6 37. Nb4 $14) 37. Nxb6 h4 38. Nd7 $1 {[%cal Rd7f8]} hxg3 39. Nxf8 Nxf4 40. Rd8 $1 Nxe2 ({But not} 40... Qh1+ $2 41. Kd2 $18) 41. Nxg6+ $1 Kh7 42. Rh8+ Kxg6 43. Rxh6+ gxh6 (43... Kxh6 $15 44. Rxe2 Kg5) 44. Kxe2 {[%mdl 4096] Endgame KR-KR. The position is equal.} Rf2+ 45. Ke1 $1 Rg2 46. Kf1 Rf2+ 47. Ke1 Rg2 48. Kf1 Rxb2 49. Rxg3+ Kf6 50. Rf3+ Ke5 51. Rf5+ Kxe4 52. Rxa5 Ra2 53. Rc5 $1 Rxa4 54. Rxc6 Kd3 55. Rxh6 Kxc3 {Precision: White = 54%, Black = 42%.} 1/2-1/2

[Event "American Continental-ch 2018"]
[Site "Montevideo"]
[Date "2018.06.03"]
[Round "3"]
[White "Gemy, Jose Daniel"]
[Black "Alonso, Salvador"]
[Result "0-1"]
[WhiteElo "2393"]
[BlackElo "2519"]
[Annotator "TA"]
[PlyCount "62"]
[EventDate "2018.??.??"]
[EventType "swiss"]
[EventCountry "URU"]
[SourceTitle "playchess.com"]
[Source "ChessBase"]
[SourceQuality "1"]

{[%evp 23,62,-20,-22,-26,-25,-31,-31,-37,-33,-32,-28,-42,-32,-54,-44,-58,-57,-83,-38,-71,-31,-52,-25,-102,-107,-82,-90,-176,-166,-172,-170,-163,-169,-173,-164,-145,-49,-58,-73,-501,-494]} 1. e4 c5 2. Nf3 Nc6 3. c3 d5 4. exd5 Qxd5 5. d4 Nf6 6. Na3 e6 7. Nb5 Qd8 8. dxc5 Bxc5 9. Qxd8+ Kxd8 10. Bf4 Ne4 {B22: Sicilian: 2 c3} 11. Ng5 (11. Rd1+ Ke7 12. Nbd4 Nxd4 13. Nxd4 Bd6 14. Bc1 e5 15. Bd3 Nxc3 16. bxc3 exd4 17. O-O Be6 18. cxd4 Bxa2 {0-1 (41) Fernandez,D (2505)-Alekseev,E (2617) Batumi 2018}) 11... Nxg5 12. Bxg5+ f6 {LiveBook: 14 Games. The position is equal.} 13. Be3 Bxe3 14. fxe3 Ke7 15. Rd1 Bd7 16. Be2 Ne5 17. Nd4 $146 ({Predecessor:} 17. Kf2 Rac8 18. Rd4 {0-1 (38) Rodrigues,J-Garcia Corada,P (2463) ICCF corr 2001}) 17... Rhc8 18. g4 Nc4 19. Bxc4 $1 Rxc4 20. h4 Rh8 21. Rg1 h6 22. Rd2 a5 23. g5 (23. h5 $11 {remains equal.}) 23... hxg5 $17 24. hxg5 f5 25. Nf3 (25. Rf1 $17 {was called for.}) 25... Re4 $19 26. Kf2 {[#]} Bc6 $1 27. Rg3 e5 28. Rd1 f4 29. exf4 exf4 ({Black should try} 29... Rxf4 $17 30. Re1 Kd6) 30. Rgg1 $15 Rh3 {[#] Strongly threatening ...Re3.} 31. Rd3 $2 {[%mdl 8192]} (31. Kg2 $17 {was the crucial defense.} Rh5 32. Kf2) 31... Re3 {Precision: White = 17%, Black = 52%.} 0-1

[Event "American Continental-ch 2018"]
[Site "Montevideo"]
[Date "2018.06.03"]
[Round "3"]
[White "Ruiz Castillo, Joshua Daniel"]
[Black "Guerrero, Alvaro"]
[Result "1-0"]
[WhiteElo "2378"]
[BlackElo "2116"]
[Annotator "NA"]
[PlyCount "43"]
[EventDate "2018.??.??"]
[EventType "swiss"]
[EventCountry "URU"]
[SourceTitle "playchess.com"]
[Source "ChessBase"]
[SourceQuality "1"]
[TimeControl "40/5400+30:1800+30"]

1. e4 {[%emt 0:02:33]} c6 {[%emt 0:00:11]} 2. d4 {[%emt 0:00:05]} d5 {[%emt 0:00:03]} 3. e5 {[%emt 0:00:05]} Bf5 {[%emt 0:00:54]} 4. h4 {[%emt 0:00:05]} h5 {[%emt 0:00:38]} 5. c4 {[%emt 0:00:03]} e6 {[%emt 0:00:25]} 6. Nc3 {[%emt 0:00:06]} Ne7 {[%emt 0:04:28]} 7. Nge2 {[%emt 0:00:04]} dxc4 {[%emt 0:14:16]} 8. Ng3 {[%emt 0:00:10]} Nd7 {[%emt 0:01:54]} 9. Bxc4 {[%emt 0:06:33]} Bg6 {[%emt 0:08:17]} 10. O-O {[%emt 0:31:48]} Nf5 {[%emt 0:02:19]} 11. Bg5 {[%emt 0:03:49]} Be7 {[%emt 0:04:37]} 12. Nce4 {[%emt 0:01:03]} Nxh4 {[%emt 0:13:37]} 13. Nd6+ {[%emt 0:00:45]} Kf8 {[%emt 0:00:05]} 14. Nxb7 {[%emt 0:00:32]} Qe8 {[%emt 0:03:33]} 15. Bxe7+ {[%emt 0:01:11]} Qxe7 {[%emt 0:00:08]} 16. Nd6 {[%emt 0:00:06]} Nb6 {[%emt 0:09:18]} 17. Ba6 {[%emt 0:04:07]} Rd8 {[%emt 0:00:54]} 18. Rc1 {[%emt 0:00:22]} Qg5 {[%emt 0:01:38]} 19. Rxc6 {[%emt 0:01:29]} Nd5 {[%emt 0:04:39]} 20. Qc1 {[%emt 0:00:32]} Nf4 {[%emt 0:02:37]} 21. Rc8 {[%emt 0:00:05]} Nhxg2 {[%emt 0:02:59]} 22. Qc7 {[%emt 0:02:28]} 1-0

[Event "American Continental-ch 2018"]
[Site "Montevideo"]
[Date "2018.06.03"]
[Round "3"]
[White "De Dovitiis, Alejo"]
[Black "Vera Siguenas, Deivy"]
[Result "1/2-1/2"]
[WhiteElo "2343"]
[BlackElo "2516"]
[Annotator "TA"]
[PlyCount "111"]
[EventDate "2018.??.??"]
[EventType "swiss"]
[EventCountry "URU"]
[SourceTitle "playchess.com"]
[Source "ChessBase"]
[SourceQuality "1"]

{[%evp 24,111,22,0,16,16,42,-11,0,0,0,3,0,0,0,0,0,0,0,0,0,0,0,0,7,-22,10,-14,-12,0,0,-10,-16,-16,-14,-41,17,0,0,0,27,0,0,0,0,0,39,43,54,47,56,43,52,22,93,0,0,0,4,10,8,0,0,0,0,-18,-17,-25,-18,-52,-11,-153,-138,-136,-34,-25,-27,-114,0,-20,-70,-40,0,0,0,0,0,-17,0,0]} 1. e4 c6 2. d4 d5 3. Nc3 dxe4 4. Nxe4 Bf5 5. Ng3 Bg6 6. Nf3 Nd7 7. h4 h6 8. h5 Bh7 9. Bd3 Bxd3 10. Qxd3 e6 11. Bd2 Ngf6 12. O-O-O Be7 13. Qe2 Qb6 {B19: Classical Caro-Kann: 4...Bf5 main line} 14. Ne5 Rd8 {[#]} 15. Nc4 $146 (15. Rhe1 $14 O-O 16. Ng6) ({Predecessor:} 15. Rhe1 O-O 16. Ng6 Rfe8 17. Nxe7+ Rxe7 18. Nf5 Ree8 19. Nd6 Rf8 20. Kb1 c5 21. Nc4 {½-½ (59) Efimenko,Z (2654)-Nisipeanu,L (2664) Ohrid 2009}) 15... Qa6 16. Na5 b5 17. Kb1 O-O 18. Ne4 c5 19. Nxc5 Nxc5 20. dxc5 Bxc5 21. Nb3 Be7 22. g4 Rd5 23. f4 Qa4 24. g5 Qe4 25. Qf2 (25. Rde1 {is interesting.} Qxe2 26. Rxe2 hxg5 27. fxg5 Ng4 28. g6) 25... hxg5 26. fxg5 Ng4 $1 {[%cal Rg4f2,Bf6g4,Bg4h6,Bh6f5][%mdl 32]} 27. Qxa7 Bxg5 28. Bxg5 Rxg5 29. Rde1 Qh7 (29... Qd5 $15) 30. Qe7 Rxh5 31. Rhg1 Nh6 32. Rd1 {[#] Black must now prevent Rd8.} Nf5 33. Qc7 $1 Qh6 34. Nc5 $1 Qf6 35. Ne4 {[%mdl 1024] White has compensation.} Qh4 36. Qe5 Kh8 37. a3 Qh2 38. Qc3 f6 (38... Rh7 $11) 39. Ng3 (39. Qc5 $16 Rb8 40. Nf2) 39... Nxg3 $1 $11 40. Rxg3 Qe2 $132 {[%mdl 2048] Black is not keeping still} 41. Rdg1 Qc4 42. Qf3 Rh2 43. R3g2 Rh7 44. Qb7 g5 45. Qb6 $1 Qd5 46. Re2 e5 47. b3 (47. Ree1 $1 $11) 47... Kg7 $17 48. Ree1 Rh2 (48... Rc8 $17 {Hoping for ...Rxc2!} 49. Ref1 Qc6 50. Qa7+ Rc7) 49. Rd1 $1 $15 {[%cal Rd1d5]} Qe4 50. Rd7+ {[#]} (50. Qc7+ $11 Kg6 51. Rgf1) 50... Rf7 (50... Kg6 $1 $17 51. Qc7 Rg8) 51. Qc7 $11 Rxd7 52. Qxd7+ Kh6 53. Qc8 {Strongly threatening Qh8+.The position is equal.} Kg7 {aiming for ...Rh1.} 54. Qd7+ $1 Kh6 55. Qc8 {Threatens to win with Qh8+.} Kg7 {And now ...Rh1 would win.} 56. Qd7+ $1 {Precision: White = 56%, Black = 57%.} 1/2-1/2